000 00292nam a22001337a 4500
008 210323b ||||| |||| 00| 0 eng d
041 _aeng
080 _a7
082 _a7
100 _a44
101 _aART
245 _aGrace Thirty Years of Fashion at Vogue
_cMalige,D
942 _2udc
_cBK
999 _c56691
_d56691